000 00463nam a2200145Ia 4500
008 100204s9999 xx 000 0 und d
082 _b10060
100 _aसरदेसाई लक्ष्मणराव
245 _aबिजेची कोर
260 _b"सन पब्लिकेशन्स , पुणे"
_c1982
300 _a162
630 _aबिजेची कोर
730 _aबिजेची कोर
942 _cBOOK
999 _c454496
_d454493